Clickable Conspiracies Quiz Stats

 Plays Quiz Updated Jul 23, 2016

Challenge
Share
Tweet
Embed
Score 0/18 Timer 06:00
59 Plays Today
% Correct
has been cryogenically frozen.
93.2%
are keeping people sick by witholding cures.
93%
did not write (all of) his own plays.
92.7%
married and had children.
92.2%
is a base for research into UFOs and extraterrestrial life.
91.7%
was not actually born in the USA, but in Kenya.
91.2%
is a human-created disease.
90.7%
were built by aliens... or dinosaurs.
89.4%
faked his death and is still alive.
88.6%
% Correct
was orchestrated by the British Royal Family.
88.3%
is flat.
87.3%
was actually an insurance scam.
86.1%
had an accomplice.
85.7%
is being enslaved by a 'reptilian elite'.
84.4%
has been dead since 1966.
83.2%
never died, but in fact escaped Berlin.
79.6%
is just a hologram.
77.7%
is a portal to hell.
77%

You're not logged in!

Compare scores with friends on all Sporcle quizzes.
OR
Log In

You Might Also Like...

Show Comments

Extras

Top Quizzes Today


Score Distribution

Your Account Isn't Verified!

In order to create a playlist on Sporcle, you need to verify the email address you used during registration. Go to your Sporcle Settings to finish the process.

Report this User

Report this user for behavior that violates our Community Guidelines.

Details: